000
00210 a2200097 4500
001
20146
100
_a
Morris
245
_a
Objectives & perspectives
260
_a
_b
Routledge & Kegan
_c
090
_c
14740
_d
14740
942
_a
NUST-CAE
_c
M
_c
5270
999
_c
255219
_d
255219